Southville International School and Colleges
Your cart is empty.
  • Cart
  • Lists
    Public lists Eva Luna New books Lux_list list_1
    Your lists Log in to create your own lists
  • Log in to your account
  • Your cookies
  • Search history
Southville International School and Colleges
  • Advanced search
  • Recent comments
  • Most popular
  • Libraries

Log in to your account

Log in with GOOGLE


If you do not have an external account, but do have a local account, you can still log in:

  1. Home
  2. MARC view: Bluff your way in opera /
Normal view MARC view ISBD view

Bluff your way in opera / (Record no. 16872)

[ view plain ]
MARC details
000 -LEADER
fixed length control field 00505nam a22001937a 4500
003 - CONTROL NUMBER IDENTIFIER
control field OSt
005 - DATE AND TIME OF LATEST TRANSACTION
control field 20250315150601.0
008 - FIXED-LENGTH DATA ELEMENTS--GENERAL INFORMATION
fixed length control field 130608t xxu||||| |||| 00| 0 eng d
050 ## - LIBRARY OF CONGRESS CALL NUMBER
Classification number ML 1700
Item number .G193 1989
082 ## - DEWEY DECIMAL CLASSIFICATION NUMBER
Classification number M 782.1
Item number G14 1989
100 ## - MAIN ENTRY--PERSONAL NAME
Personal name Gammond, Peter
245 ## - TITLE STATEMENT
Title Bluff your way in opera /
Statement of responsibility, etc Gammond, Peter
260 ## - PUBLICATION, DISTRIBUTION, ETC. (IMPRINT)
Place of publication, distribution, etc West Sussex :
Name of publisher, distributor, etc Ravette Books Limited,
Date of publication, distribution, etc 1989.
300 ## - PHYSICAL DESCRIPTION
Extent 61 p. :
Dimensions 18 cm.
526 ## - STUDY PROGRAM INFORMATION NOTE
Reading level 1210L-1700L
562 ## - COPY AND VERSION IDENTIFICATION NOTE
Number of copies 1
942 ## - ADDED ENTRY ELEMENTS (KOHA)
Source of classification or shelving scheme Library of Congress Classification
Koha item type Books
Holdings
Withdrawn status Lost status Source of classification or shelving scheme Damaged status Home library Current library Shelving location Date acquired Total Checkouts Full call number Barcode Date last seen Copy number Price effective from Koha item type
    Library of Congress Classification   College Library College Library General Circulation Section 06/08/2013   ML 1700 .G193 1989 C10301 05/15/2018 1 06/08/2013 Books

Bluff your way in opera /

APA

Gammond P., . (1989). Bluff your way in opera. West Sussex: Ravette Books Limited.

Chicago

Gammond Peter, . 1989. Bluff your way in opera. West Sussex: Ravette Books Limited.

Harvard

Gammond P., . (1989). Bluff your way in opera. West Sussex: Ravette Books Limited.

MLA

Gammond Peter, . Bluff your way in opera. West Sussex: Ravette Books Limited. 1989.

  • Place hold
  • Print
  • Cite
  • Add to your cart (remove)
  • Save record
    BIBTEX Dublin Core MARCXML MARC (non-Unicode/MARC-8) MARC (Unicode/UTF-8) MARC (Unicode/UTF-8, Standard) MODS (XML) RIS
  • More searches
    Search for this title in:
    Other Libraries (WorldCat) Other Databases (Google Scholar) Online Stores (Bookfinder.com) Open Library (openlibrary.org)

Exporting to Dublin Core...

SOUTHVILLE LIBRARY

Southville International School and Colleges Library

1281 Tropical Ave. Cor. Luxembourg St., BF Homes International, Las Pinas City

Tel. No. 8256374 / 252358 Loc. 117/146

Powered by Koha